<?xml version="1.0" encoding="UTF-8"?>
<record
    xmlns:xsi="http://www.w3.org/2001/XMLSchema-instance"
    xsi:schemaLocation="http://www.loc.gov/MARC21/slim http://www.loc.gov/standards/marcxml/schema/MARC21slim.xsd"
    xmlns="http://www.loc.gov/MARC21/slim">

  <leader>00913nam a22001577a 4500</leader>
  <datafield tag="999" ind1=" " ind2=" ">
    <subfield code="c">523804</subfield>
    <subfield code="d">523804</subfield>
  </datafield>
  <controlfield tag="008">230927b           ||||| |||| 00| 0 eng d</controlfield>
  <datafield tag="100" ind1=" " ind2=" ">
    <subfield code="a">Mehdi, Syed Eesar </subfield>
    <subfield code="9">44031</subfield>
  </datafield>
  <datafield tag="245" ind1=" " ind2=" ">
    <subfield code="a">Overcoming the barriers: Kashmiriyat as a cornerstone to materialize peace in Kashmir </subfield>
  </datafield>
  <datafield tag="260" ind1=" " ind2=" ">
    <subfield code="a">Social Action </subfield>
  </datafield>
  <datafield tag="300" ind1=" " ind2=" ">
    <subfield code="a">73(2), Apr-Jun, 2023: p.214-231</subfield>
  </datafield>
  <datafield tag="520" ind1=" " ind2=" ">
    <subfield code="a">This paper argues that Kashmiriyat has the potential to offer a possible solution and operationalize dialogue in Kashmir. Repeatedly, Kashmir have looked outside, on India and Pakistan, for a solution to the intractable Kashmir conflict and newer focused on the inside which has led to the failure of the manifestation of a peace process in Kashmir. &#x2013; Reproduced </subfield>
  </datafield>
  <datafield tag="650" ind1=" " ind2=" ">
    <subfield code="a">Kashmiriyat, Dialogue, Peace process, Conflict, Comprehensive framework. </subfield>
    <subfield code="9">40872</subfield>
  </datafield>
  <datafield tag="773" ind1=" " ind2=" ">
    <subfield code="a">Social Action </subfield>
  </datafield>
  <datafield tag="906" ind1=" " ind2=" ">
    <subfield code="a">POLITICS AND GOVERNMENT - KASHMIR</subfield>
  </datafield>
  <datafield tag="942" ind1=" " ind2=" ">
    <subfield code="c">AR</subfield>
  </datafield>
  <datafield tag="952" ind1=" " ind2=" ">
    <subfield code="0">0</subfield>
    <subfield code="1">0</subfield>
    <subfield code="2">ddc</subfield>
    <subfield code="4">0</subfield>
    <subfield code="7">0</subfield>
    <subfield code="9">398854</subfield>
    <subfield code="a">IIPA</subfield>
    <subfield code="b">IIPA</subfield>
    <subfield code="d">2023-09-27</subfield>
    <subfield code="h">73(2), Apr-Jun, 2023: p.214-231</subfield>
    <subfield code="p">AR129702</subfield>
    <subfield code="r">2023-09-27</subfield>
    <subfield code="y">AR</subfield>
  </datafield>
</record>
